1590 1282 1066 1664 1715 1509 1998 1130 1575 1162 1131 1493 1487 1278 1189 1264 1214 1804 1007 1316 1973 1032 1819 1392 1750 1807 1660 1105 1826 1796 1561 1796 1606 1055 1066 1336 1198 1008 1531 1411 1956 1161 1517 1762 1651 1358 1617 1987 1753 1836 1414 1859 1539 1630 1268 1351 1258 1839 1780 1117 1158 1642 1630 1998 1671 1202 1004 1698 1928 1615 1368 1419 1478 1401 1859 1688 1995 1792 1959 1006 1623 1714 1268 1172 1738 1391 1752 1732 1068 1488 1651 1944 1506 1269 1524 1092 1484 1775 1217 BCNSPRNW ULIB Ver.6.0+V

เปลี่ยนเป็นภาษาไทย

Change to English
 แสดงรายละเอียดบรรณานุกรม
  กลับหน้าหลัก

Brief Record : Get Marc (ISO 2709) : E-mail record : QR code < ปิดหน้าต่าง
LEADER : 00000nam 2200000uu 4500
001    13399123665
003     ULIB
008    141104s2551||||th 000 0 tha d
020    ^a9789747492217
060 04 ^aWY16^bบ128
100 0  ^aสมจิต หนุเจริญกุล
245 00 ^aบทเรียนจากกรณีศึกษาเส้นทางสู่ความสำเร็จของพยาบาลเวชปฏิบัติ./^cสมจิต หนุเจริญกุล
260    ^a[กรุงเทพฯ] :^bสถาบันวิจัยและพัฒนาระบบสุขภาพชุมชน,^c[2551]
300    ^a116 หน้า ;^c21 ซม.
536    ^aได้รับทุนสนับสนุนจากสถาบันวิจัยและพัฒนาระบบสาธารณสุข
650  4 ^aพยาบาล^xวิจัย
650  4 ^aวิจัย
650  4 ^a พยาบาลเวชปฏิบัติ
710 2  ^aสถาบันวิจัยและพัฒนาระบบสุขภาพชุมชน
945    ^p130^l0^i036622
945    ^p130^l0^i036623
945    ^p130^l0^i036624
945    ^p130^l0^i036625
945    ^p130^l0^i036626
945    ^p130^l0^i036627
945    ^p130^l0^i036628
945    ^p130^l0^i036629
945    ^p130^l0^i036630
945    ^p130^l0^i036631
999    ^aเกษร โพธิ์สุวรรณ
รายการนี้ยังไม่มีแท็ก
คุณยังไม่ได้ล็อกอิน คุณสามารถมีกิจกรรมร่วมกับเว็บไซต์ได้ แต่ต้องล็อกอินก่อน ::
  ล็อกอิน

รายการสื่อสารสนเทศ

ลำดับที่ ประเภท เลขเรียก/บาร์โค้ด สถานที่ สถานะ
1. Book การพยาบาล
หนังสือสำรอง
สถานะ=หนังสือสำรอง
WY16 บ128 ฉ.1 
  Barcode: 036622
ห้องสมุดวิทยาเขตสวรรค์ประชารักษ์
►หนังสือทั่วไป
บนชั้น
2. Book การพยาบาล
Book การพยาบาล
WY16 บ128 ฉ.10 
  Barcode: 036631
ห้องสมุดวิทยาเขตสวรรค์ประชารักษ์
►หนังสือทั่วไป
บนชั้น
3. Book การพยาบาล
Book การพยาบาล
WY16 บ128 ฉ.2 
  Barcode: 036623
ห้องสมุดวิทยาเขตสวรรค์ประชารักษ์
►หนังสือทั่วไป
บนชั้น
4. Book การพยาบาล
Book การพยาบาล
WY16 บ128 ฉ.3 
  Barcode: 036624
ห้องสมุดวิทยาเขตสวรรค์ประชารักษ์
►หนังสือทั่วไป
บนชั้น
5. Book การพยาบาล
Book การพยาบาล
WY16 บ128 ฉ.4 
  Barcode: 036625
ห้องสมุดวิทยาเขตสวรรค์ประชารักษ์
►หนังสือทั่วไป
บนชั้น
6. Book การพยาบาล
Book การพยาบาล
WY16 บ128 ฉ.5 
  Barcode: 036626
ห้องสมุดวิทยาเขตสวรรค์ประชารักษ์
►หนังสือทั่วไป
บนชั้น
7. Book การพยาบาล
Book การพยาบาล
WY16 บ128 ฉ.6 
  Barcode: 036627
ห้องสมุดวิทยาเขตสวรรค์ประชารักษ์
►หนังสือทั่วไป
บนชั้น
8. Book การพยาบาล
Book การพยาบาล
WY16 บ128 ฉ.7 
  Barcode: 036628
ห้องสมุดวิทยาเขตสวรรค์ประชารักษ์
►หนังสือทั่วไป
บนชั้น
9. Book การพยาบาล
Book การพยาบาล
WY16 บ128 ฉ.8 
  Barcode: 036629
ห้องสมุดวิทยาเขตสวรรค์ประชารักษ์
►หนังสือทั่วไป
บนชั้น
10. Book การพยาบาล
Book การพยาบาล
WY16 บ128 ฉ.9 
  Barcode: 036630
ห้องสมุดวิทยาเขตสวรรค์ประชารักษ์
►หนังสือทั่วไป
บนชั้น

รายการใกล้เคียง
    ผู้แต่ง [สมจิต หนุเจริญกุล]

    หัวเรื่อง [วิจัย]
    หัวเรื่อง [พยาบาลเวชปฏิบัติ]

BibComment


ยังไม่เคยถูกคอมเมนท์

คอมเมนท์ทรัพยากรรายการนี้
  คอมเมนท์: บทเรียนจากกรณีศึ..


 Copyright 2026. Bcnsprnw @Library